BTD6 - Bloons Tower defense 6 czy znasz wszystkie mapy? - Statystyki

Ogólne statystyki
  • Ten quiz został rozwiązany 80 razy
  • Średni wynik to 20 z 60
Statystyki odpowiedzi
Beginner % Poprawnych
Monkey Meadow
75%
Logs
69%
Dark Castle
63%
#Ouch
63%
Cubism
54%
Bloody Puddles
49%
End of the Road
49%
Resort
49%
Infernal
47%
Muddy Puddles
47%
Tree Stump
41%
Balance
39%
Quad
39%
Cornfield
37%
Sanctuary
37%
Bazaar
36%
Mesa
36%
Ravine
36%
Adora's Temple
34%
Carved
34%
Cracked
34%
In the loop
34%
Town Center
34%
Four Circles
32%
Geared
32%
Pat's Pond
32%
The Cabin
32%
Workshop
32%
Candy Falls
31%
Flooded Valley
31%
Lotus Island
31%
Skates
31%
Spice Islands
31%
Winter Park
31%
Blons
29%
Haunted
29%
Moon Landing
29%
X Factor
29%
Bloonarius Prime
27%
Encrypted
27%
Off The Coast
27%
Rake
27%
Underground
27%
Frozen Over
25%
High Finance
25%
Park Path
25%
Spring Spring
25%
Another Brick
24%
Cargo
24%
Chutes
24%
Downstream
24%
Hedge
24%
KartsNDarts
24%
Alpine run
22%
Spillway
22%
Firing Range
22%
Quiet Street
20%
Streambed
20%
Sunken Columns
19%
Peninsula
19%
Nie znaleziono quizów pasujących do podanych kryteriów
Rozkład punktacji
Procent ludzi z każdym wynikiem
Percentyl według liczby udzielonych odpowiedzi
Twoja historia wyników
Nie rozwiązałeś tego quizu